| 000 | 01387nam a22002057a 4500 | ||
|---|---|---|---|
| 999 |
_c63120 _d63120 |
||
| 005 | 20251125233101.0 | ||
| 008 | s2553 th tha d | ||
| 040 | _aNALT | ||
| 041 | _atha | ||
| 090 | _aIS 5/2553 49 | ||
| 100 | 0 |
_aสุภัตรา วรวุฒิธีรกุล _99140 |
|
| 245 | 1 | 0 | _aการเพิ่มประสิทธิภาพการสนับสนุนการปฏิบัติงานของเลขาธิการสภาผู้แทนราษฎรในการปฏิบัติหน้าที่อยู่หน้าบัลลังก์ในที่ประชุมสภา (เอกสารวิชาการกรณีศึกษาส่วนบุคคล) |
| 260 | 3 |
_aกรุงเทพฯ : _bรัฐสภา, _c2553 |
|
| 300 |
_a47 หน้าแผนภาพ, แผนผัง, ตาราง ; _b 30 ซม. |
||
| 610 | 2 | 0 |
_aสำนักการประชุม สำนักงานเลขาธิการสภาผู้แทนราษฎร _xการศึกษาเฉพาะกรณี _911156 |
| 850 | _aNALT | ||
| 856 | 4 | 0 | _uhttps://hdl.handle.net/20.500.14156/18469 |
| 942 |
_cIS _2local |
||
| 998 |
_j1020 _k จำเรียง ระวังสำโรง |
||